On This Day: July 23rd Quiz Stats

 Plays Quiz Updated Jul 23, 2017

Support Sporcle.
Go Orange.
Score 0/7 Timer 03:00
0 Plays Today
Question Answer Wrong Answers
This American car company, known later for its Model T, sells its first car.
1903
Ford
94.7%
Chevrolet
1%
General Motors
1.3%
Chrysler
1%
This English actor, best known for his role as the title character in the Harry Potter film series, is born.
1989
Daniel Radcliffe
91.1%
Rupert Grint
1.1%
Robert Pattinson
1%
Elijah Wood
3.3%
In the United States, William Austin Burt patents the typographer, a precursor to this.
1829
Typewriter
80.9%
Printing Press
4.8%
Telegraph
10.4%
Facsimile Machine
4%
Telstar relays the first publicly transmitted, live trans-Atlantic television program, featuring this American broadcaster, who was often called ‘the most trusted man in America’.
1962
Walter Cronkite
79.2%
Edward R. Murrow
11%
David Brinkley
3.7%
Chet Huntley
2.9%
The Boundary Treaty of 1881 is signed by these two South American countries, establishing a precise border between the two nations.
1881
Argentina and Chile
63.3%
Chile and Paraguay
7.2%
Brazil and Peru
16.3%
Bolivia and Ecuador
11.9%
This comet is discovered by two independent observers. It would become visible to the naked eye on Earth nearly a year later.
1995
Comet Hale–Bopp
58.5%
Halley's Comet
33.5%
Comet West
1.7%
Tempel 1
2.6%
The Fascist government in Italy bans the use of ______ words.
1929
Foreign
45.6%
Curse
23.2%
Seditious
23.7%
Discriminatory
5.1%

You're not logged in!

Compare scores with friends on all Sporcle quizzes.
OR
Log In
Forgot?

From the Vault

Images in Order: The Simpsons Intro

by lollipopfreak

We're not surprised if just seeing that logo in the clouds triggers the theme song in your head.
Remove Ads.
Support Sporcle.
Get the best of Sporcle when you Go Orange. This ad-free experience offers more features, more stats, and more fun while also helping to support Sporcle. Thank you for becoming a member.

Show Comments

Extras

Top Quizzes Today


Score Distribution

Your Account Isn't Verified!

In order to create a playlist on Sporcle, you need to verify the email address you used during registration. Go to your Sporcle Settings to finish the process.

Report this User

Report this user for behavior that violates our Community Guidelines.

Details: